00726nam a2200229 a 450000100060000000300090000600800410001502000180005604000280007404100080010210000350011024500370014525000110018226000350019330000410022850000850026965000240035465000250037865000210040365000380042465000340046224440CO-ViMGA141112s2004 ck r 000 u spa d a9789587048674 aCO-ViMGAbspacCO-ViMGA aSPA1 aSilva Romero, Ricardo, 1975 - 10aAutogol / cRicardo Silva Romero a1a ed. aBogotá : bAlfaguara, c2009 a399 p. + 1 folleto (32 p.) + folleto aIncluye folleto titulado : Fuera de lugar : el fantasma de Pepe Calderón Tovar14aASESINATOS - NOVELA14aAUTORES COLOMBIANOS 14aFUTBOL - NOVELA 14aLITERATURA COLOMBIANA - SIGLO XX 14aNOVELA COLOMBIANA - SIGLO XX